ՀՀ Գիտությունների ազգային ակադեմիայի հիմնարար գիտական գրադարան  =   Fundamental Scientific Library of NAS RA
Normal view MARC view

Entry Topical Term

Number of records used in: 42

001 - CONTROL NUMBER

  • control field: 1012

003 - CONTROL NUMBER IDENTIFIER

  • control field: AM-YEHGA

005 - DATE AND TIME OF LATEST TRANSACTION

  • control field: 20250617070424.0

008 - FIXED-LENGTH DATA ELEMENTS

  • fixed length control field: 041110nabaccnnaaan|||||||||| b |nc|||||d

040 ## - CATALOGING SOURCE

  • Original cataloging agency: AM-YEHGA

150 #0 - HEADING--TOPICAL TERM

  • Topical term or geographic name entry element: Իսլամ
  • General subdivision: Պատմություն
  • Geographic subdivision: Թուրքիա

450 #0 - SEE FROM TRACING--TOPICAL TERM

  • Topical term or geographic name entry element: Ислам
  • General subdivision: История
  • Geographic subdivision: Турция

500 01 - SEE ALSO FROM TRACING--PERSONAL NAME

  • Control subfield: h
  • Personal name: Նուրսի
  • Numeration: Բ.Ս.
  • Miscellaneous information: Բեդուզզանան Սաիդ
  • Date of a work: 1877 - 1960


ՀՀ ԳԱԱ հիմնարար գիտական գրադարան
ՀՀ,Երևան 0019
Մարշալ Բաղրամյան 24/6
հեռախոս:(374-10) 52-47-50
Հետադարձ կապ

All site content, except where otherwise noted, is licensed under a
Creative Commons License